000 02301cam a2200325 a 4500
001 15681339
005 20170105102920.0
008 090331r20082007dcuab b 001 0 eng
010 _a 2009292499
020 _a9781426202803 (pbk.)
040 _aDLC
_cDLC
_dDLC
050 0 0 _aDS36.85
_b.M75 2008
082 0 0 _a909/.09767
_222
100 1 _aMorgan, Michael Hamilton.
245 1 0 _aLost history :
_bthe enduring legacy of Muslim scientists, thinkers, and artists /
_cMichael Hamilton Morgan ; [foreword by King Abdullah II of Jordan].
260 _aWashington, D.C. :
_bNational Geographic,
_c[2008]
300 _a301 p. :
_bill., maps ;
_c23 cm.
500 _aOriginally published in 2007.
504 _aIncludes bibliographical references (p. 293-295) and index.
520 _aAuthor Morgan reveals how early Muslim advancements in science and culture lay the cornerstones of the European Renaissance, the Enlightenment, and modern Western society. As he chronicles the Golden Ages of Islam, beginning in 570 a.d. with the birth of Muhammad, and resonating today, he introduces scholars like Ibn Al-Haytham, Ibn Sina, Al-Tusi, Al-Khwarizmi, and Omar Khayyam--empirical thinkers who revolutionized the mathematics, astronomy, and medicine of their time and paved the way for Newton, Copernicus, and many others. And he reminds us that inspired leaders from Muhammad to Suleiman the Magnificent championed religious tolerance, encouraged intellectual inquiry, and sponsored brilliant artistic, architectural, and literary works. For anyone seeking to understand the major role played by the early Muslim world in influencing modern society, this book provides new insight not only into Islam's historic achievements but also the ancient resentments that fuel today's bitter conflicts.--From publisher description.
650 0 _aIslamic civilization.
650 0 _aCivilization, Western
_xIslamic influences.
650 0 _aMuslim scientists.
650 0 _aMuslim artists.
650 0 _aRenaissance.
856 4 1 _3Table of contents only
_uhttp://www.loc.gov/catdir/toc/fy0906/2009292499.html
906 _a7
_bcbc
_corigcop
_d2
_encip
_f20
_gy-gencatlg
942 _2ddc
_cBK
999 _c15548
_d15548